Operations Research Verfahren first symposium on operations research : University of Heidelbert, september 1-3, 1976

Salvato in:
Dettagli Bibliografici
Altri autori: Henn, Rudolf
Natura: Libro
Lingua:tedesco
inglese
Pubblicazione: Meisenheim am Glan Hain 1977
Tags: Aggiungi Tag
Nessun Tag, puoi essere il primo ad aggiungerne!!

MARC

LEADER 00000nam a2200000 4500
001 0230337
005 20240822101706.4
041 0 |a ger 
041 0 |a eng 
044 |a DE 
245 1 0 |a Operations Research Verfahren  |b first symposium on operations research : University of Heidelbert, september 1-3, 1976  |c herausgegeben von Rudolf Henn 
264 1 |a Meisenheim am Glan  |b Hain  |c 1977 
300 |a 518 s. 
700 1 |a Henn, Rudolf